| 000 | 01142nam a2200241Ia 4500 | ||
|---|---|---|---|
| 999 |
_c38361 _d38361 |
||
| 001 | 4371 | ||
| 003 | GE_BSU | ||
| 005 | 20191015162035.0 | ||
| 008 | 181216s2012||||ge |||||||||||||| ||geo|| | ||
| 020 | _a9789941412981 | ||
| 040 | _cGE_BSU | ||
| 080 | _a13 კ–17 | ||
| 100 |
_aკაკაბაძე, ზურაბ _93561 |
||
| 245 |
_aფილოსოფია და ცხოვრება / _cშემდ. - რედ მიხეილ მახარაძე. |
||
| 264 |
_aბათუმი : _bშოთა რუსთაველის სახელმწ. უნ-ტი, _c2012. |
||
| 300 |
_a103 გვ. ; _b18 სმ. |
||
| 653 | _aქართული ფილოსოფია; | ||
| 653 | _aკულტურის ფილოსოფია; | ||
| 653 | _aბუნების დაცვა; | ||
| 700 |
_a მახარაძე, მიხეილ _eშემდგ.-რედ. _94730 |
||
| 710 |
_aბათუმის შოთა რუსთაველის სახ. უნ–ტი. ფილოსოფიის დეპარტამენტი. _94731 |
||
| 942 |
_cBK _2udc |
||